000 00589nam a2200265Ia 4500
005 20260306164048.0
008 008 260114s9999 xx 000 0 eng d
020 _a9781399509749
037 _aEBOOK
040 _aCRL
040 _beng
040 _cCRL
041 _2eng
041 _aeng
084 _qCRL
100 _aNail
245 0 _aTheory Of The Object
260 _bEdinburgh University Press
260 _c2022
650 _aPhilosophy
856 _uhttps://academic.oup.com/book/42217
942 _cEBOOK
999 _c1712598
_d1712598